| 000 | 00654 a2200193 4500 | ||
|---|---|---|---|
| 001 | 216222714 | ||
| 003 | UA-OsUOA | ||
| 005 | 20220912150359.0 | ||
| 008 | 220825b un ||||| |||| 00| 0 ukr d | ||
| 040 |
_aUA-OsUOA _bukr _cUA-OsUOA _dUA-OsUOA |
||
| 041 | _aukr | ||
| 080 | _a09:050 | ||
| 090 |
_a09:050 _bК17 |
||
| 245 |
_aКалендар Провидіння _cулож. О. Назарук _n1927, 1945, 1946, 1947, 1948, 1949, 1950 |
||
| 650 |
_2UDC _a050 Періодика |
||
| 942 |
_cMG _2udc |
||
| 955 | _a0 | ||
| 999 |
_c573015 _d573015 |
||